| 000 -LEADER | |
|---|---|
| fixed length control field | 00391nam a22001697a 4500 |
| 005 - DATE AND TIME OF LATEST TRANSACTION | |
| control field | 20180305122657.0 |
| 008 - FIXED-LENGTH DATA ELEMENTS--GENERAL INFORMATION | |
| fixed length control field | 160614b xxu||||| |||| 00| 0 eng d |
| 020 ## - INTERNATIONAL STANDARD BOOK NUMBER | |
| ISBN | 0-07-047441-9 |
| 041 ## - LANGUAGE CODE | |
| Language code of text/sound track or separate title | eng |
| 082 ## - DEWEY DECIMAL CLASSIFICATION NUMBER | |
| Item number | 7556 |
| Classification number | 332.1 |
| 100 ## - MAIN ENTRY--AUTHOR NAME | |
| Personal name | Senghal Sanjeev |
| 245 ## - TITLE STATEMENT | |
| Title | Internet banking the second wave |
| 260 ## - PUBLICATION, DISTRIBUTION, ETC. (IMPRINT) | |
| Name of publisher | TMH |
| 300 ## - PHYSICAL DESCRIPTION | |
| Number of Pages | 174 |
| 650 ## - SUBJECT ADDED ENTRY--TOPICAL TERM | |
| Topical Term | Management |
| 942 ## - ADDED ENTRY ELEMENTS (KOHA) | |
| Koha item type | Books |
| Lost status | Damaged status | Collection code | Home library | Current library | Shelving location | Date acquired | Full call number | Accession Number | Koha item type |
|---|---|---|---|---|---|---|---|---|---|
| MANAGEMENT | JRU Library | JRU Library | SHELF-61-I | 14/06/2016 | 332.1 | 7556 | Books | ||
| MANAGEMENT | JRU Library | JRU Library | SHELF-61-I | 14/06/2016 | 332.1 | 7557 | Books | ||
| Reference | JRU Library | SHELF-28-A | 14/06/2016 | 332.1 | 7558 | Books |